000 01699cam a2200289 i 4500
001 15628
003 DO-SdUEMH
005 20260102155334.0
007 ta
008 211105s2009 dr |||gr|||| 000 0dspa|d
040 _aDO-SdUEMH
_bspa
_erda
041 _aspa
082 1 4 _mRD
_aRD 174 S583E
_bS583e
084 _b10-00465
100 _aSilié Gatón, José A.
_eaut
245 1 0 _aÉtica profesional /
_cJosé A. Silié Gatón ; prólogo: Víctor Melito Rodríguez R.
260 _c2009
264 0 1 _aSanto Domingo, República Dominicana :
_c2009
300 _a224 paginas :
_c20 cm.
336 _2rdacontent
_atexto
_btxt
337 _2rdamedia
_asin mediación
_bn
338 _2rdacarrier
_avolumen
_bnc
504 _aBibliografías en paginas 223-224
505 2 _aFundamentos de la ética -- Finalidades de la ética -- Concepto de moral y ética -- La virtud como disciplina del espíritu -- Emancipación de la moral -- Ética aplicada -- Concepto de la obligatoriedad ética -- Responsabilidad ética -- Ética marxista -- Deberes generales -- Deberes primarios -- Fundamentos profesionales -- Deberes profesionales -- Profesión docente -- Administración de empresas -- Administración pública -- Contabilidad -- Profesión de abogado -- Periodismo -- Deberes particulares -- Carácter -- Responsabilidad -- La palabra -- El juramento -- Honorarios -- Técnica profesional -- Práctica del secreto profesional -- Teoría del secreto profesional -- El secreto profesional convencional -- Maniobras profesionales -- Maniobras fraudulentas en las ventas -- Maniobras para obtener comisiones y corretajes -- Estafa en las operaciones financieras.
942 _2ddc
_cBK
_n0
999 _c15628
_d15628